McCRACKENS REMOVABLE PARTIAL PROSTHODONTICS (Record no. 3675)

MARC details
000 -LEADER
fixed length control field 00364nam a2200145Ia 4500
008 - FIXED-LENGTH DATA ELEMENTS--GENERAL INFORMATION
fixed length control field 150201s2005 xx 000 0 und d
082 ## - DEWEY DECIMAL CLASSIFICATION NUMBER
Classification number 617.692
Item number M2005C
100 ## - MAIN ENTRY--PERSONAL NAME
Personal name CARR,ALAN B.
245 ## - TITLE STATEMENT
Title McCRACKENS REMOVABLE PARTIAL PROSTHODONTICS
250 ## - EDITION STATEMENT
Edition statement 11TH
260 ## - PUBLICATION, DISTRIBUTION, ETC. (IMPRINT)
Name of publisher, distributor, etc. MOSBY
Place of publication, distribution, etc. DELHI
Date of publication, distribution, etc. 2005
300 ## - PHYSICAL DESCRIPTION
Extent 1-458
650 ## - SUBJECT ADDED ENTRY--TOPICAL TERM
Topical term or geographic name as entry element PROSTHODONTICS
942 ## - ADDED ENTRY ELEMENTS (KOHA)
Source of classification or shelving scheme Dewey Decimal Classification
Koha item type Books
Koha issues (borrowed), all copies 18
Holdings
Withdrawn status Lost status Source of classification or shelving scheme Damaged status Not for loan Home library Current library Date acquired Source of acquisition Cost, normal purchase price Serial Enumeration / chronology SGTU Bill Number Total Checkouts Full call number Barcode Date last seen Date last checked out Bill Date Koha item type
    Dewey Decimal Classification     SGT Dental Library SGT Dental Library 31/10/2007 U.B.S.DELHI 825.00 1 SGTU 709 3 617.692 M2005C FD4417 19/03/2025 10/03/2025 23/08/2012 Books
    Dewey Decimal Classification     SGT Dental Library SGT Dental Library 31/10/2007 U.B.S.DELHI 825.00 1 SGTU 709 5 617.692 M2005C FD4418 24/02/2025 24/02/2025 23/08/2012 Books
    Dewey Decimal Classification     SGT Dental Library SGT Dental Library 31/10/2007 U.B.S.DELHI 825.00 1 SGTU 709 6 617.692 M2005C FD4419 02/07/2025 01/07/2025 23/08/2012 Books
    Dewey Decimal Classification     SGT Dental Library SGT Dental Library 31/10/2007 U.B.S.DELHI 825.00 1 SGTU 709 2 617.692 M2005C FD4420 25/02/2025 25/02/2025 23/08/2012 Books
    Dewey Decimal Classification     SGT Dental Library SGT Dental Library 31/10/2007 U.B.S.DELHI 825.00 1 SGTU 709 7 617.692 M2005C FD4421 24/02/2025 24/02/2025 23/08/2012 Books